000 00255nmm a2200085Ia 4500
008 220120s9999||||xx |||||||||||||||||und||
100 _aAmit Kumar
_910725
245 0 _aSmart card based electronic voting mechine
260 _aCoorg Institute of Technology
_c2000
999 _c138552
_d138552